| 000 | 00961nas a2200265 4500 | ||
|---|---|---|---|
| 001 | BR8403593 | ||
| 003 | BR-BrBNA | ||
| 005 | 20231205085944.0 | ||
| 007 | ta | ||
| 008 | 230509b bl.|||p| |||| 00| 00por d | ||
| 040 |
_aBR-BrBNA _bpor _cBiblioteca Nacional de Agricultura |
||
| 041 | _a(En) | ||
| 072 | _aK10; P05 | ||
| 100 | 1 | _aArkcoll, D.B. | |
| 111 | 1 |
_aSimposio sobre Fixacao de Nitrogenio em Arvores Tropicais _cRio de Janeiro, RJ (Brazil _d19-24 Sep 1983 |
|
| 245 | 1 | _aA comparison of some fast growing species suitable for woodlots in the wet tropics [producao florestal, lenha, energia, crescimento, tropico umido] | |
| 650 | _aPRODUCAO FLORESTAL | ||
| 650 | _aLENHA | ||
| 650 | _aENERGIA | ||
| 650 | _aCRESCIMENTO | ||
| 650 | _aTROPICO UMIDO | ||
| 773 | 0 |
_tPesquisa Agropecuaria Brasileira (Brazil) _xISSN 0100-204X _g(Jun 1984, v. 19(Special number) p. 61-68 _wBR8403593 |
|
| 909 |
_a202311 _bLúcia _c55 _dLúcia Elande |
||
| 942 |
_2AGRIS _n0 _cANA |
||
| 999 |
_c115096 _d115096 |
||